Γενικά θέματα άλγεβρας : λελυμένα

Αποθηκεύτηκε σε:
Λεπτομέρειες βιβλιογραφικής εγγραφής
Κύριος συγγραφέας: Κουκλάδας, Αθανάσιος
Συγγραφή απο Οργανισμό/Αρχή: Αττικόν Φροντιστήριον
Άλλοι συγγραφείς: Γεωργακάκης, Π.
Μορφή: Βιβλίο
Γλώσσα:Greek
Δημοσίευση: Αθήναι : [χ.ό], 1970.
Θέματα:
Ετικέτες: Προσθήκη ετικέτας
Δεν υπάρχουν, Καταχωρήστε ετικέτα πρώτοι!

MARC

LEADER 00000cam a2200000 a 4500
001 1/106982
008 150616m19691970gr | ||| |||| ||gre||
040 |a GR-MyUa  |b gre  |c GR-MyUa  |e AACR2 
041 0 |a gre 
082 7 |a 512.0071   |2 (23) 
100 1 |a Κουκλάδας, Αθανάσιος. 
245 1 0 |a Γενικά θέματα άλγεβρας :   |b λελυμένα /   |c Α. Κουκλαδά - Π. Γεωργιακάκη. 
260 |a Αθήναι :   |b [χ.ό],   |c 1970.  
300 |a 3τ. (224, 347, 391 σ.) ;   |c 25 εκ.  
500 |a Δακτυλογραφημένη και πολυγραφημένη έκδοση. 
650 0 |a Algebra  |x Study and teaching. 
650 0 |a Algebra  |x Problems, exercises, etc. 
700 1 |a Γεωργακάκης, Π. 
710 2 |a Αττικόν Φροντιστήριον. 
852 |a INST  |b SAMOS  |c MAG  |e 20150920  |h 512.0071 ΚΟΥ  |p 005300035450  |q 005300035450  |t BK  |v τομ.3:  |y 0 
852 |a INST  |b SAMOS  |c MAG  |e 20150616  |h 512.0071 ΚΟΥ  |p 005300035474  |q 005300035474  |t BK  |v τομ.1:  |y 0 
852 |a INST  |b SAMOS  |c MAG  |e 20150831  |h 512.0071 ΚΟΥ  |p 005300035806  |q 005300035806  |t BK  |v τομ.2:  |y 0 
853 |a INST  |b SAMOS  |c MAG  |h 512.0071 ΚΟΥ 
970 |a Σιτζίμη  |b Γιασεμή  |z 16/06/2015